000 01582nam a2200337 a 4500
003 MX-MxUPN
005 20240612063915.0
008 991125s1994 mx a r 000 0 spa d
020 _a9700300455
035 _aUPN01000027030
040 _aMX-MxUPN
_bspa
_cMX-MxUPN
041 0 _aspa
050 1 4 _aLB1555 M6.6
_bM4.3 1994 LE
100 1 _aMéndez Gutiérrez, Francisco
_929292
100 1 _aMoreno Aguilar, Arcadio
_929391
100 1 _aMalváez Silva, María Antonieta
_929108
245 1 0 _aGuía práctica :
_bsexto grado : conceptos básicos, ejercicios y actividades para los alumnos de sexto grado
246 1 4 _aGuía práctica 6 :
_bconceptos básicos, ejercicios y actividades para los alumnos de sexto grado
260 _aMéxico, D.F. :
_bFernández,
_c1994
300 _a406 páginas :
_bilustraciones
500 _a"Conceptos básicos, ejercicios y actividades para los alumnos de sexto grado : español, matemáticas, ciencias naturales, historia, geografía, educación cívica"
500 _a"De acuerdo con los contenidos básicos del programa para la modernización educativa, elaborado por la SEP"--portada.
650 4 _aEspañol
_xEstudio y enseñanza (Elemental)
_92806
650 4 _aMatemáticas
_xEstudio y enseñanza (Elemental)
_92809
650 4 _aCiencias naturales
_xEstudio y enseñanza (Elemental)
_92812
650 4 _aHistoria
_xEstudio y enseñanza (Elemental)
_92803
650 4 _aGeografía
_xEstudio y enseñanza (Elemental)
_92801
650 4 _aCivismo
_xEstudio y enseñanza (Elemental)
_92807
904 _aAC
_b027031
905 _aLibro
999 _c27030
_d27030